|
|
|
|
| LEADER |
01673nam a2200469 a 4500 |
| 001 |
nkc20102029507 |
| 003 |
CZ PrNK |
| 005 |
20100302090657.0 |
| 007 |
ta |
| 008 |
100118s2007 xr a e f 000 0 cze |
| 015 |
|
|
|a cnb002029507
|
| 020 |
|
|
|q (Brož.)
|
| 040 |
|
|
|a BOA001
|b cze
|
| 043 |
|
|
|a e-xr---
|b e-xr-ka
|2 czenas
|
| 072 |
|
7 |
|a 72
|x Architektura
|2 Konspekt
|9 21
|
| 080 |
|
|
|a 726.71:27-789.9
|2 MRF
|
| 080 |
|
|
|a 378.094:27-789.9
|2 MRF
|
| 080 |
|
|
|a 726.52
|2 MRF
|
| 080 |
|
|
|a 725.94
|2 MRF
|
| 080 |
|
|
|a 27-52:904
|2 MRF
|
| 080 |
|
|
|a 72:904
|2 MRF
|
| 080 |
|
|
|a (437.318)
|2 MRF
|
| 080 |
|
|
|a (036)
|2 MRF
|
| 100 |
1 |
|
|a Zeman, Lubomír,
|d 1964-
|7 jn20000402734
|4 aut
|
| 245 |
1 |
0 |
|a Posvátný okrsek /
|c [text Lubomír Zeman]
|
| 250 |
|
|
|a Vyd. 1.
|
| 260 |
|
|
|a Ostrov :
|b Město Ostrov,
|c 2007
|
| 300 |
|
|
|a 24 s. :
|b il. (převážně barev.) ;
|c 20 cm
|
| 650 |
0 |
7 |
|a piaristické kláštery
|7 ph161997
|z Česko
|2 czenas
|
| 650 |
0 |
7 |
|a piaristické koleje
|7 ph173212
|z Česko
|2 czenas
|
| 650 |
0 |
7 |
|a kaple
|7 ph121446
|z Česko
|2 czenas
|
| 650 |
0 |
7 |
|a drobná architektura
|7 ph134695
|z Česko
|2 czenas
|
| 650 |
0 |
7 |
|a církevní památky
|7 ph114287
|z Česko
|2 czenas
|
| 650 |
0 |
7 |
|a architektonické památky
|7 ph118585
|z Česko
|2 czenas
|
| 651 |
|
7 |
|a Ostrov (Karlovy Vary, Česko)
|7 ge130343
|2 czenas
|
| 655 |
|
7 |
|a informační publikace
|7 fd132454
|2 czenas
|
| 856 |
4 |
1 |
|u http://www.digitalniknihovna.cz/mzk/uuid/uuid:c957cb00-2792-11e4-8f64-005056827e52
|y Digitalizovaný dokument
|x NDK
|
| 910 |
2 |
|
|a BOA001
|b 2-1237.253
|
| 990 |
|
|
|a BK
|
| 995 |
|
|
|a 60
|
| 991 |
|
|
|b 201003
|c NOV
|
| 996 |
6 |
|
|b 2610410932
|c 2-1237.253
|l MZK
|r Sklad / do 1 hodiny
|n 0
|p p.v.
|w 001108319
|u 000010
|a 1
|e BOA001
|j MZK50
|s P
|